000 00300nam a2200121 i 4500
001 bg
245 0 _aOborudovanie dlja pererabotki plastmass /
_cPod red. V.K. Zavgorodnego.
260 _aMoskwa,
_c1976.
040 _cBPK
041 _apol
942 _cKS
008 s pl f |000 0 pol
999 _c22766
_d22766
856 _uhttp://koha.tu.koszalin.pl/cgi-bin/koha/opac-detail.pl?biblionumber=22766
_yKatalog online BPK